LEADER 01020nam--2200349---450 001 990002456480203316 005 20230508073025.0 010 $a88-87111-46-4 035 $a000245648 035 $aUSA01000245648 035 $a(ALEPH)000245648USA01 035 $a000245648 100 $a20050728d2002----km-y0itay0103----ba 101 $aita 102 $aIT 105 $aa|||||||001yy 200 1 $aCostruttori di immagini$edisegnatori, incisori e litografi nell'Officio Topografico di Napoli (1781-1879)$fVladimiro Valerio 210 $aNapoli$cPaparo$d2002 215 $a237 p.$cill.$d24 cm 410 0$12001 454 1$12001 461 1$1001-------$12001 606 0 $aNapoli$xOfficio topografico$z1781-1879 676 $a912.0922 700 1$aVALERIO,$bVladimiro$023908 801 0$aIT$bsalbc$gISBD 912 $a990002456480203316 951 $aXII.2.B. 1049(XIII D 413)$b176552 L.M.$cXIII D$d00138631 959 $aBK 969 $aUMA 996 $aCostruttori di immagini$9750552 997 $aUNISA